| 000 | 00737nam a2200241 a 4500 | ||
|---|---|---|---|
| 001 | BRL_687 | ||
| 005 | 20190320210843.0 | ||
| 008 | 250913s1988----mx-a######---#000-0#spa-# | ||
| 020 | _a9682917794 | ||
| 041 | _aspa | ||
| 044 | _amx | ||
| 050 | 4 |
_aCT184 _b.R65 1988 |
|
| 100 | 1 |
_aRolland, Romain _d1866-1944 _918001 |
|
| 245 | 1 | 0 |
_aVidas ejemplares _bBeethoven, Miguel Angel, Tolstoi _cRomain Rolland. |
| 260 |
_aMéxico _bUniversidad Nacional de México : SEP _c1988 |
||
| 300 |
_a438, iii p. _bil. _c18 cm. |
||
| 500 | _aAu796 | ||
| 600 | 1 | 4 |
_aBeethoven, Ludwig van _d1770-1827 _917703 |
| 600 | 1 | 4 |
_aBuonarroti, Michelangelo _d1475-1564 _913960 |
| 600 | 1 | 4 |
_aTolstoi, Lev Nikolaevich _d1828-1910 _916843 |
| 902 | _aGRL | ||
| 942 |
_2lcc _cB |
||
| 999 |
_c9499 _d9499 |
||